西武鉄道40000系が見られる駅 - Statistics

General Stats
  • This quiz has been taken 13 times
  • The average score is 137 of 140
Answer Stats
Hint Answer % Correct
西武池袋線 池袋
100%
椎名町
100%
東長崎
100%
江古田
100%
桜台
100%
練馬
100%
中村橋
100%
富士見台
100%
練馬高野台
100%
石神井公園
100%
大泉学園
100%
保谷
100%
ひばりヶ丘
100%
東久留米
100%
清瀬
100%
秋津
100%
所沢
100%
西所沢
100%
小手指
100%
狭山ヶ丘
100%
武蔵藤沢
100%
稲荷山公園
100%
入間市
100%
仏子
100%
元加治
100%
飯能
100%
東飯能
100%
高麗
100%
武蔵横手
100%
東吾野
100%
西武池袋線西武秩父線 吾野
100%
西吾野
100%
正丸
100%
芦ヶ久保
100%
横瀬
100%
西武秩父
100%
豊島園
100%
下山口
100%
西武球場前
100%
西武新宿線 西武新宿
100%
高田馬場
100%
中井
100%
新井薬師前
100%
野方
100%
鷺ノ宮
100%
下井草
100%
井荻
100%
上井草
100%
上石神井
100%
武蔵関
100%
東伏見
100%
西武柳沢
100%
田無
100%
花小金井
100%
小平
100%
久米川
100%
東村山
100%
航空公園
100%
新所沢
100%
入曽
100%
狭山市
100%
新狭山
100%
南大塚
100%
本川越
100%
東大和市
100%
西武立川
100%
拝島
100%
新桜台
100%
東京メトロ副都心線 | 西武有楽町線東京メトロ有楽町線 小竹向原
100%
千川
100%
要町
100%
東池袋
100%
護国寺
100%
江戸川橋
100%
飯田橋
100%
市ケ谷
100%
麹町
100%
永田町
100%
桜田門
100%
有楽町
100%
銀座一丁目
100%
月島
100%
豊洲
100%
辰巳
100%
新木場
100%
雑司が谷
100%
西早稲田
100%
東新宿
100%
新宿三丁目
100%
北参道
100%
明治神宮前
100%
東京メトロ副都心線東急東横線 渋谷
100%
代官山
100%
中目黒
100%
祐天寺
100%
学芸大学
100%
都立大学
100%
自由が丘
100%
多摩川
100%
新丸子
100%
武蔵小杉
100%
元住吉
100%
日吉
100%
綱島
100%
大倉山
100%
妙蓮寺
100%
白楽
100%
東白楽
100%
反町
100%
東急東横線みなとみらい線 横浜
100%
新高島
100%
みなとみらい
100%
馬車道
100%
日本大通り
100%
元町・中華街
100%
有楽町線副都心線 (氷川台)
100%
(平和台)
100%
(地下鉄赤塚)
100%
(地下鉄成増)
100%
(和光市)
100%
下落合
75%
沼袋
75%
都立家政
75%
萩山
75%
小川
75%
玉川上水
75%
新富町
75%
田園調布
75%
菊名
75%
武蔵砂川
50%
No matching quizzes found
Score Distribution
Percent of People with Each Score
Percentile by Number Answered
Your Score History
You have not taken this quiz